Podporiť obchod
Rozhovor s Ing. E. Molkom, riaditeľom akciovej spoločnosti INTRANS Žilina, zameranej na kombinovanú dopravu. Výhody kombinovanej dopravy. Premena spoločnosti v období transformácie. Orientácia hlavne na východný trh. Komplexné služby. Výhodné ceny. Marketing.
Salvato in:
| Autore principale: | |
|---|---|
| Altri autori: | |
| Natura: | Capitolo di libro |
| Lingua: | slovacco |
| Soggetti: | |
| Tags: |
Nessun Tag, puoi essere il primo ad aggiungerne!!
|
MARC
| LEADER | 00000naa a2200000 4500 | ||
|---|---|---|---|
| 001 | r018068 | ||
| 005 | 20221205101958.5 | ||
| 041 | 0 | |a slo | |
| 044 | |a SK | ||
| 245 | 1 | 0 | |a Podporiť obchod |c E. Molka, M. Benedigová |
| 520 | |a Rozhovor s Ing. E. Molkom, riaditeľom akciovej spoločnosti INTRANS Žilina, zameranej na kombinovanú dopravu. Výhody kombinovanej dopravy. Premena spoločnosti v období transformácie. Orientácia hlavne na východný trh. Komplexné služby. Výhodné ceny. Marketing. | ||
| 610 | 2 | 0 | |a Slovensko |
| 610 | 2 | 0 | |a INTRANS, a.s. Žilina |
| 610 | 2 | 0 | |a východná Európa |
| 610 | 2 | 0 | |a stredná Európa |
| 610 | 2 | 0 | |a preprava |
| 610 | 2 | 0 | |a doprava kombinovaná |
| 610 | 2 | 0 | |a doprava kontajnerová |
| 610 | 2 | 0 | |a ceny |
| 610 | 2 | 0 | |a vývoz |
| 610 | 2 | 0 | |a dovoz |
| 100 | 1 | |a Molka, E. | |
| 700 | 1 | |a Benedigová, M. | |